| 000 | 00697nam a2200241Ia 4500 | ||
|---|---|---|---|
| 003 | OSt | ||
| 005 | 20220924131933.0 | ||
| 006 | a|||||r|||| 00| 0 | ||
| 007 | ta | ||
| 008 | 220923b |||||||| |||| 00| 0 tel d | ||
| 024 | _a347639 | ||
| 037 | _cTextual | ||
| 040 |
_aARTS _cARTS _btel |
||
| 041 |
_2tel _atel |
||
| 082 | _aO35,3NVE4,56, M6 | ||
| 100 |
_aMalladi Venkata Krishna Murthi Au. _9203301 |
||
| 245 | 0 | _aSamudrapu Dongalu | |
| 260 |
_aVijayawada _bPadmalaya Publications India _c1986 |
||
| 300 |
_a248p. _ccm. |
||
| 650 | _aTELUGU LITERATURE | ||
| 942 |
_hO35,3NVE4,56, M6 _cTEXL _2CC |
||
| 999 |
_c428677 _d428677 |
||